Statistiques F1 2024 - Statistiques

Statistiques générales
  • Ce quiz a été pris 97 fois
  • Le résultat moyen est 28 sur 31
Statistiques - réponses
Indice Pilote % Correct
Vainqueurs 9 Max Verstappen
99%
Pole 8 Max Verstappen
99%
Meilleurs Tours 3 Max Verstappen
99%
Podium 14 Max Verstappen
99%
2 Lewis Hamilton
98%
5 Lewis Hamilton
98%
3 Charles Leclerc
97%
3 Charles Leclerc
97%
3 Charles Leclerc
97%
13 Charles Leclerc
97%
4 Lando Norris
96%
8 Lando Norris
96%
6 Lando Norris
96%
13 Lando Norris
96%
2 Oscar Piastri
96%
1 Oscar Piastri
96%
8 Oscar Piastri
96%
2 Carlos Sainz Jr
92%
1 Carlos Sainz Jr
92%
9 Carlos Sainz Jr
92%
2 George Russell
90%
4 George Russell
90%
4 George Russell
90%
1 Pierre Gasly
89%
1 Esteban Ocon
84%
1 Esteban Ocon
84%
1 Sergio Perez
83%
5 Sergio Perez
83%
2 Fernando Alonso
77%
1 Kevin Magnussen
51%
1 Daniel Ricciardo
46%
Aucun quiz correspondant
Distribution des résultats
% des personnes avec chaque résultat
Percentile par nombre de réponses
Votre historique - résultats
Vous n’avez pas pris ce quiz